Intellectual property rights and other related issues/ (Record no. 11161)

MARC details
000 -LEADER
fixed length control field 00612nam a22002057a 4500
005 - DATE AND TIME OF LATEST TRANSACTION
control field 20260515114903.0
008 - FIXED-LENGTH DATA ELEMENTS--GENERAL INFORMATION
fixed length control field 210409b ||||| |||| 00| 0 eng d
020 ## - INTERNATIONAL STANDARD BOOK NUMBER
International Standard Book Number 9788171397655
040 ## - CATALOGING SOURCE
Original cataloging agency IN-DiNC
Transcribing agency IN-DiNC
041 ## - LANGUAGE CODE
Language code of sung or spoken text eng
082 ## - DEWEY DECIMAL CLASSIFICATION NUMBER
Classification number 346.08
Item number INT
245 ## - TITLE STATEMENT
Title Intellectual property rights and other related issues/
Statement of responsibility, etc. edited by P R Trivedi
260 ## - PUBLICATION, DISTRIBUTION, ETC.
Place of publication, distribution, etc. New Delhi:
Name of publisher, distributor, etc. Jnanada prakashan,
Date of publication, distribution, etc. 2017
300 ## - PHYSICAL DESCRIPTION
Extent vi, 427p.
650 ## - SUBJECT ADDED ENTRY--TOPICAL TERM
Topical term or geographic name entry element Intellectual property rights
700 ## - ADDED ENTRY--PERSONAL NAME
Personal name Trivedi, P R
Relator term Editor
700 ## - ADDED ENTRY--PERSONAL NAME
Personal name Gupta, Subhash C
Relator term Editor
700 ## - ADDED ENTRY--PERSONAL NAME
Personal name Nayak, Akshay Kumar
Relator term Editor
942 ## - ADDED ENTRY ELEMENTS (KOHA)
Source of classification or shelving scheme Dewey Decimal Classification
Koha item type Books
Holdings
Withdrawn status Lost status Source of classification or shelving scheme Damaged status Not for loan Collection Home library Current library Shelving location Date acquired Cost, normal purchase price Total checkouts Full call number Barcode Date last seen Copy number Price effective from Koha item type
    Dewey Decimal Classification       Naharkatiya College Library Naharkatiya College Library General stacks 04/09/2021 2000.00   346.08 INT 26346 04/09/2021 1 04/09/2021 Books